000 00508nam a2200181Ia 4500
003 GCL
008 140319s9999 xx 000 0 eng d
040 _aGCL /
_cGCL
082 0 4 _a658.421
_bH E
100 1 _aHISRICH, ROBERT D.
245 1 0 _aENTREPRENEUY SHIP : STARTING DEVELOPING , AND MANGING ANEW ENTERPRISE /
_cHISRICH, ROBERT D.
700 1 _aPETERS, MICHAIL P.
260 _a[S.N] :
_bIRWIN ،
_c1995
300 _a650 P P
650 0 4 _aBUSINESS
650 0 4 _aENTREPRENTERSHIP
942 _2ddc
_cBK
999 _c12008
_d12008